00582nam a2200193 a 4500001001300000003000900013005001700022008004100039020002300080082001300103100001900116245003700135260003500172300000900207500003500216505009800251650002000349700001900369nice12345678IN_TiNIC20260116012258.0050524s1982 lona grp 000 0 eng  a0856136 c10000a930bZIE aZiehr, Wilhelm aAncient Worldb from UR to Mecca aLondonbOrbis Publishingc1982 a240p aincludes index and biblioraphy2 aproceeding ofthe int.congress of the hist.and philosophy of science, islamabad, 8-13 Dec,1979 aHistory-Ancient1 aZiehr, Wilhelm